Formel 1 Rennstrecken - Statistiken

Allgemein
  • Dieses Quiz wurde 2.909 mal gespielt
  • Das Durchschnittsergebnis liegt bei 14 aus 28
Antwortstatistiken
Bildquiz Antwort % Korrekt
Autodromo Nazionale di Monza
86%
Circuit de Monaco
85%
Baku City Circuit
75%
Circuit de Spa-Francorchamps
75%
Suzuka International Racing Course
74%
RedBull Ring
73%
Nürburgring
69%
Circuit de Barcelona-Catalunya
68%
Bahrain International Circuit
64%
Autódromo José Carlos Pace
61%
Hungaroring
59%
Autodromo Enzo e Dino Ferrari
54%
Circuit of The Americas
52%
Hockenheimring
52%
Circuit Gilles-Villeneuve
51%
Silverstone Circuit
51%
Circuit Park Zandvoort
49%
Sepang International Circuit
48%
Albert Park Circuit
44%
Hockenheimring
43%
Autódromo Internacional do Algarve
40%
Circuit de Nevers Magny-Cours
24%
Istanbul Park Circuit
24%
Indianapolis Motor Speedway
23%
Valencia Street Circuit
20%
Fuji International Speedway
19%
Korean International Circuit
17%
Kyalami Grand Prix Circuit
9%
Keine übereinstimmenden Quizze gefunden
Verteilung der Resultate
Anzahl Personen mit jedem Resultat
Perzentil nach korrekt beantworteten Fragen
Ihre Resultats-Entwicklung
Sie haben dieses Quiz noch nicht gespielt